00628nam a2200217 a 4500001001300000003000900013005001700022008004100039020001000080082001700090100002100107245005700128260003300185300000900218500003500227700002100262902000800283942000700291952009700298999001500395nice12345678IN_TiNIC20260116011906.0070528s1934 beia grp 000 0 ara  ac10000a297.824bBEG aBeg, Chol Ismail aAl-Yasidia Qadima Va Hadisab Yazid Past and Present aBeirutbAmerican Pressc1934 a134p aincludes index and biblioraphy1 aBeg, Chol Ismail bRBA cBK 00104070aHMIbHMId2007-05-28g100.00l0o297.824 BEGp06212r2007-05-28w2026-01-16yEB c4756d4756